01477nam a22003257a 4500003000500000005001700005008004100022010001000063011001000073035001000083040000900093082001400102100003000116245004300146260003300189300000900222505024800231590004100479590004200520650002400562901000700586942001000593949005700603949005700660949005700717999001700774952012000791952012000911952012001031CHAP20220329134745.0971013s1960 r 00010 d a25357 a26329 a30430 cCHAP a658.1bB700aBrunetti, Antonio.915787 aTratados del derecho de las sociedades aBuenos Aires :bUTHEA,c1960 a3 v. aContenido : v.1 Parte general. Las sociedades personales. Las sociedades de armamento entre copropietarios de naves.-v.2 Sociedades por acciones.-v.3 Sociedades de responsabilidad limitada. Sociedades cooperativas. Apendice : Mutuas de seguros aBATCH-UPDb10c20130110lUCH01h1004 aCONVERSIONb10c20130109lUCH01h131514aSociedades.9108114 aBK cLIBRO a658.1 B7bBCcBPAd-70610eBPAfv.1h11624i30430si a658.1 B7bBCcBPAd-70611eBPAfv.2h11625i30430si a658.1 B7bBCcBPAd-70612eBPAfv.3h11626i30430si c25357d25357 01104053708MDaBCbBCd2019-12-31fLIBROi127l0o658.1 B7p-70610r2019-12-31 00:00:00tv.1w2019-12-31yLIBRO 01104053708MDaBCbBCd2019-12-31fLIBROi127l0o658.1 B7p-70611r2019-12-31 00:00:00tv.2w2019-12-31yLIBRO 01104053708MDaBCbBCd2019-12-31fLIBROi127l0o658.1 B7p-70612r2019-12-31 00:00:00tv.3w2019-12-31yLIBRO